[Event "Helsingor Xtracon op"]
[Site "Helsingor"]
[Date "2019.07.28"]
[Round "10"]
[White "Weersing, Abigail Riis"]
[Black "Pedersen, Lars Foldager"]
[Result "0-1"]
[WhiteElo "1709"]
[BlackElo "1967"]
[PlyCount "76"]
[EventDate "2019.07.20"]
[EventType "swiss"]
[EventRounds "10"]
[EventCountry "DEN"]
[SourceTitle "CBM 191 Extra"]
[Source "ChessBase"]
[SourceDate "2019.09.30"]
[SourceVersion "1"]
[SourceVersionDate "2019.09.30"]
[SourceQuality "1"]

1. d4 Nf6 2. c4 e6 3. Nf3 d5 4. Nc3 Be7 5. Bf4 c6 6. e3 0-0 7. cxd5 exd5 8. Bd3 Re8 9. 0-0 Nbd7 10. h3 Nf8 11. Ne5 Ne6 12. Bg3 g6 13. Bh4 Nh5 14. Qf3 Rf8 15. Bxe7 Qxe7 16. g4 Ng5 17. Qg2 Ng7 18. h4 Ne4 19. Bxe4 dxe4 20. Nxe4 f6 21. Nd3 f5 22. Ng5 fxg4 23. Ne5 Nf5 24. Nxg4 Nxh4 25. Nh6+ Kg7 26. Qg3 Qxg5 27. Qxg5 Nf3+ 28. Kg2 Nxg5 29. Rh1 Rf3 30. Rh4 Bh3+ 31. Kg1 Raf8 32. Ng4 Bxg4 33. Rxg4 Nh3+ 34. Kg2 Nxf2 35. Rg3 Rxg3+ 36. Kxg3 Ne4+ 37. Kh4 Rf3 38. Re1 Rg3 0-1

[Event "Helsingor Xtracon op"]
[Site "Helsingor"]
[Date "2019.07.22"]
[Round "4"]
[White "Pedersen, Lars Foldager"]
[Black "Solberg, Joachim Krokvik"]
[Result "0-1"]
[WhiteElo "1967"]
[BlackElo "2181"]
[PlyCount "76"]
[EventDate "2019.07.20"]
[EventType "swiss"]
[EventRounds "10"]
[EventCountry "DEN"]
[SourceTitle "CBM 191 Extra"]
[Source "ChessBase"]
[SourceDate "2019.09.30"]
[SourceVersion "1"]
[SourceVersionDate "2019.09.30"]
[SourceQuality "1"]

1. Nf3 c5 2. c4 Nc6 3. Nc3 g6 4. g3 Bg7 5. Bg2 e5 6. d3 Nge7 7. 0-0 0-0 8. Nd2 d6 9. Rb1 Be6 10. Nd5 Qd7 11. Nxe7+ Qxe7 12. Ne4 h6 13. a3 Rac8 14. b4 f5 15. Nc3 e4 16. Bd2 cxb4 17. axb4 Ne5 18. Re1 Kh7 19. c5 dxc5 20. bxc5 Qxc5 21. Rxb7 Ng4 22. d4 Qxd4 23. e3 Qc5 24. Na4 Qc6 25. Rxa7 Ra8 26. Re7 Rf7 27. Rxf7 Bxf7 28. h3 Nxf2 29. Kxf2 Rxa4 30. Qc1 Rc4 31. Qb1 Rc2 32. Re2 Rb2 33. Qc1 Bc4 34. Re1 Qd5 35. Rd1 Bb3 36. Ke1 Bxd1 37. Kxd1 Qd3 38. h4 Rb1 0-1

[Event "Politiken Cup 37th"]
[Site "Helsingor"]
[Date "2015.07.26"]
[Round "2"]
[White "Pedersen, Lars Foldager"]
[Black "Zyde, Fadmal"]
[Result "1-0"]
[WhiteElo "1907"]
[BlackElo "1667"]
[PlyCount "43"]
[EventDate "2015.07.25"]
[EventType "swiss"]
[EventRounds "10"]
[EventCountry "DEN"]
[SourceTitle "CBM 167 Extra"]
[Source "ChessBase"]
[SourceDate "2015.09.14"]
[SourceVersion "1"]
[SourceVersionDate "2015.09.14"]
[SourceQuality "1"]

1. d4 d5 2. Nf3 Nc6 3. Bf4 Bf5 4. e3 Nf6 5. c4 e6 6. c5 Be7 7. Bb5 0-0 8. Bxc6 bxc6 9. Qa4 Nh5 10. Bg3 Nxg3 11. hxg3 Qb8 12. Na3 Bd3 13. 0-0-0 Bb5 14. Qc2 h6 15. Ne5 Rd8 16. Rh2 f6 17. Qg6 fxe5 18. Rxh6 Bf6 19. dxe5 Kf8 20. exf6 gxh6 21. Qg7+ Ke8 22. Qe7# 1-0

[Event "Politiken Cup 33rd"]
[Site "Helsingor"]
[Date "2011.08.03"]
[Round "6"]
[White "Pedersen, Lars Foldager"]
[Black "Andersen, Rune Egede"]
[Result "0-1"]
[WhiteElo "1916"]
[BlackElo "2078"]
[PlyCount "64"]
[EventDate "2011.07.30"]
[EventType "swiss"]
[EventRounds "10"]
[EventCountry "DEN"]
[SourceTitle "CBM 143 Extra"]
[Source "ChessBase"]
[SourceDate "2011.08.29"]
[SourceVersion "1"]
[SourceVersionDate "2011.08.29"]
[SourceQuality "1"]

1. e4 e6 2. d4 d5 3. Nd2 Be7 4. e5 Nh6 5. f4 c5 6. c3 Nc6 7. Ndf3 Qb6 8. Bd3 cxd4 9. Nxd4 Nxd4 10. cxd4 Bb4+ 11. Kf1 Nf5 12. Bxf5 exf5 13. Ne2 Bd7 14. Bd2 Be7 15. Qb3 Qa6 16. Kf2 0-0 17. Bb4 Bxb4 18. Qxb4 Rac8 19. Qd2 Bb5 20. Nc3 Bd3 21. Rhd1 Be4 22. a3 Rc4 23. Rac1 Rfc8 24. Qe3 Qb6 25. Rd2 h6 26. h3 Qe6 27. Rcd1 h5 28. Nb5 Rc2 29. Nxa7 Rxd2+ 30. Rxd2 Rc1 31. Nb5 Qg6 32. Qg3 Rf1+ 0-1

[Event "Politiken Cup 33rd"]
[Site "Helsingor"]
[Date "2011.07.31"]
[Round "3"]
[White "Skjoldager, Per"]
[Black "Pedersen, Lars Foldager"]
[Result "1-0"]
[WhiteElo "2126"]
[BlackElo "1916"]
[PlyCount "77"]
[EventDate "2011.07.30"]
[EventType "swiss"]
[EventRounds "10"]
[EventCountry "DEN"]
[SourceTitle "CBM 143 Extra"]
[Source "ChessBase"]
[SourceDate "2011.08.29"]
[SourceVersion "1"]
[SourceVersionDate "2011.08.29"]
[SourceQuality "1"]

1. e4 e5 2. Nf3 Nc6 3. Bc4 Nf6 4. d3 Be7 5. c3 d6 6. Bb3 Bg4 7. h3 Bh5 8. Nbd2 Qd7 9. Nf1 h6 10. Ng3 Bg6 11. Nh4 0-0-0 12. Nxg6 fxg6 13. Bf7 g5 14. Qb3 Kb8 15. Qe6 Qxe6 16. Bxe6 Nd7 17. b4 Bf6 18. Be3 Nf8 19. Bc4 Ne7 20. 0-0-0 Nfg6 21. Nf1 Rhf8 22. g3 Nc8 23. Kc2 Nge7 24. Nd2 c6 25. d4 d5 26. dxe5 Bxe5 27. Bb3 Nb6 28. Bc5 Rfe8 29. Rhe1 Ng6 30. a4 Bf6 31. a5 Nc8 32. exd5 Rxe1 33. Rxe1 cxd5 34. Nf3 Nge7 35. Ne5 Nd6 36. Ng4 Ne4 37. Nxf6 Nxc5 38. Rxe7 Nxb3 39. Re8 1-0